鉄道車両の愛称(大手私鉄) - Statistics

General Stats
  • This quiz has been taken 106 times
  • The average score is 8 of 12
Answer Stats
Picture Answer % Correct
ひのとり
91%
しまかぜ
89%
ラピート
88%
スペーシア
86%
サザン
86%
ミュースカイ
85%
MSE
80%
さくらライナー
78%
青の交響曲
78%
スマイルトレイン
77%
VSE
76%
Revaty
73%
ジェットカー
71%
Laview
71%
シリーズ21
70%
伊勢志摩ライナー
66%
アーバンライナーnext
64%
GSE
63%
アーバンライナーplus
60%
スカイツリートレイン
59%
LSE
59%
HiSE
54%
52%
Ace
47%
ビスタEX
47%
サザン・プレミアム
41%
ラビットカー
39%
かぎろひ
37%
サニーカー
30%
No matching quizzes found
Score Distribution
Percent of People with Each Score
Percentile by Number Answered
Your Score History
You have not taken this quiz